Un tiro (Record no. 114508)

MARC details
000 -LEADER
campo de control de longitud fija 00944nam a2200265 i 4500
001 - NÚMERO DE CONTROL
campo de control 114508
003 - IDENTIFICADOR DE NÚMERO DE CONTROL
campo de control ES-MaACL
005 - FECHA Y HORA DE LA ÚLTIMA TRANSACCIÓN
campo de control 20231201062950.0
007 - CAMPO FIJO DE DESCRIPCIÓN FÍSICA--INFORMACIÓN GENERAL
campo de control de longitud fija t|
008 - DATOS DE LONGITUD FIJA--INFORMACIÓN GENERAL
campo de control de longitud fija 070306q18701900sp ||||1| spa d
100 1# - ENTRADA PRINCIPAL--NOMBRE DE PERSONA
Nombre de persona Pushkin, Aleksandr Sergueevich,
Fechas asociadas al nombre 1799-1837
9 (RLIN) 94427
245 13 - MENCIÓN DEL TÍTULO
Título Un tiro
Resto del título : ; El constructor de ataúdes ; La nevada : novelas rusas /
Mención de responsabilidad, etc. A. Pouschkine.
260 ## - PUBLICACIÓN, DISTRIBUCIÓN, ETC.
Lugar de publicación, distribución, etc. Madrid :
Nombre del editor, distribuidor, etc. Casa Editorial de Medina,
Fecha de publicación, distribución, etc. [18--?]
300 ## - DESCRIPCIÓN FÍSICA
Extensión 143 p. ;
Dimensiones 16 cm.
490 1# - MENCIÓN DE SERIE
Mención de serie Biblioteca económica
500 ## - NOTA GENERAL
Nota general La casa Editorial Medina ejerce ca. 1870-1900.
505 8# - NOTA DE CONTENIDO CON FORMATO
Nota de contenido con formato Contiene además: Un drama en La Martinica / por Javier Eyma -- La sortija / por Carlos Monselet
700 1# - ENTRADA AGREGADA--NOMBRE PERSONAL
Nombre de persona Eyma, Javier.
9 (RLIN) 48438
700 0# - ENTRADA AGREGADA--NOMBRE PERSONAL
Nombre de persona Monselet, Charles.
9 (RLIN) 82293
740 3# - ENTRADA AGREGADA--TÍTULO RELACIONADO/ANALÍTICO NO CONTROLADO
Título relacionado o analítico no controlado Un drama en La martinica.
740 3# - ENTRADA AGREGADA--TÍTULO RELACIONADO/ANALÍTICO NO CONTROLADO
Título relacionado o analítico no controlado La sortija.
830 0# - PUNTO DE ACCESO ADICIONAL DE SERIE-TÍTULO UNIFORME
Título uniforme Biblioteca económica
9 (RLIN) 185772
852 ## - LOCALIZACIÓN
Ubicación ES-MaACL
Número de control de estantería D-3878
Holdings
Estatus retirado Estado de pérdida Estado de daño No para préstamo Biblioteca de origen Biblioteca actual Ubicación en estantería Fecha de adquisición Fuente de adquisición Total de préstamos Signatura topográfica completa Código de barras Visto por última vez Precio de reemplazo Tipo de ítem Koha
        Biblioteca del Ateneo de Madrid Biblioteca del Ateneo de Madrid Sala Valle Inclán 17/01/2008     D-3878 901119417 23/02/2023 23/02/2023 Libro impreso antiguo